Football - Quiz sur Karim Benzema - Statistiques

Statistiques générales
  • Ce quiz a été pris 345 fois
    202 depuis la dernière actualisation
  • Le résultat moyen est 30 sur 41
Statistiques - réponses
Questions Réponses % Correct
Son numéro 9
100%
L'année de son Ballon d'Or 2022
98%
Son club espagnol Real Madrid
98%
Son âge 37
95%
Son club formateur Olympique Lyonnais
95%
Son numéro depuis son retour en Équipe de France 19
92%
L'année de son départ en Espagne 2009
90%
Sa position dans le classement des meilleurs buteurs de l'histoire de la LDC 4ème
88%
Son idole Ronaldo Nazario
88%
Nombre de Ligue des Champions remportés 5
87%
Durée de son absence en Équipe de France (en année) 6 ans
86%
Nombre de buts en phase finale de la LDC 2022 (7 matchs) 10
85%
Nombre de Ligue 1 remportés 4
85%
Nombre de nominations au Ballon d'Or 12
83%
L'année où il a gagné ce trophée 2021
82%
Sa position dans le classement des meilleurs buteurs de l'histoire de l'Équipe de France 6ème
82%
Son surnom KB9
82%
Sa position dans le classement des meilleurs buteurs de l'histoire de son club espagnol 2ème
80%
Sa position dans le classement des meilleurs passeurs de l'histoire de son club espagnol 1er
79%
Son seul trophée remporté avec l'Équipe de France Ligue des Nations
79%
Année de ses débuts 2005
78%
Sa position dans le classement des joueurs les plus capés de l'histoire de son club espagnol 5ème
78%
Sa position dans le classement des meilleurs buteurs de l'histoire de La Liga 4ème
77%
Son club saoudien Al-Ittihad
76%
Joueur à qui Benzema a délivré le plus de passes décisives Cristiano Ronaldo
74%
Son duo dans son club espagnol depuis le départ de Ronaldo Vinicius Junior
74%
Son coach, son mentor Zinédine Zidane
74%
Joueur qui a délivré le plus de passes décisives à Benzema Cristiano Ronaldo
73%
Le président qui l'a découvert Jean-Michel Aulas
71%
Équipe contre laquelle il marque en finale de LDC Liverpool
68%
Le président qui l'a recruté Florentino Pérez
65%
Équipe contre laquelle il inscrit une panenka en demi finale de LDC Manchester City
65%
Équipe contre laquelle il marque et qualifie la France dans un barrage pour la Coupe du Monde 2014 Ukraine
60%
Nombre de trophées dans sa carrière 33
59%
Le coach qui l'a traité de "chat" José Mourinho
58%
Prix du transfert (en millions) 35
55%
Équipe contre laquelle il élimine plusieurs joueurs sur la ligne des 6 mètres avant de permettre à son équipe de marquer dans une demi finale de LDC Atlético Madrid
53%
Son nombre de buts au total en LDC 90
49%
Son club en junior SC Bron Terraillon
39%
Son nom complet Karim Mostafa Benzema
26%
Sa cible préférée (club) Athletic Bilbao
20%
Aucun quiz correspondant
Distribution des résultats
% des personnes avec chaque résultat
Percentile par nombre de réponses
Votre historique - résultats
Vous n’avez pas pris ce quiz depuis la dernière actualisation